Statystyki dla Czołgi z World of Tanks

Kliknij tutaj aby rozwiązać quiz!

Ogólne statystyki

  • Ten quiz został rozwiązany 324 razy
  • Średni wynik to 12 z 67

Statystyki odpowiedzi

KrajCzołg% Poprawnych
Polska7TP
66%
Polska4TP
59%
Polska60TP Lewandowskiego
59%
Polska10TP
56%
Polska14TP
56%
WłochyL6/40
46%
WłochyP26/40
45%
Polska50TP Tyszkiewicza
35%
SzwecjaKranvagn
34%
SzwecjaEmil I
31%
SzwecjaEmil II
30%
SzwecjaStrv 103B
29%
Polska53TP Markowskiego
28%
PolskaPudel
28%
Polska45TP Habicha
26%
CzechosłowacjaT-34/100
26%
Polska50TP prototyp
25%
CzechosłowacjaSkoda T25
24%
SzwecjaLeo
23%
Polska40TP Habicha
22%
CzechosłowacjaTVP VTU
22%
SzwecjaUDES 15/16
21%
Polska25TP KSUST
18%
CzechosłowacjaSkoda T50
18%
SzwecjaStrv 103-0
18%
SzwecjaUDES 03
18%
PolskaRudy
16%
SzwecjaStrv S1
16%
WłochyP.43
15%
CzechosłowacjaSkoda T24
15%
WłochyStandard B
15%
SzwecjaLago
14%
WłochyP.44 Pantera
14%
CzechosłowacjaTVP T50/51
14%
SzwecjaUDES 16
14%
WłochyP.43 Bis
13%
SzwecjaIkv 103
12%
CzechosłowacjaSkoda T40
12%
WłochyP.43 Ter
11%
SzwecjaStrv 74
11%
SzwecjaStrv m/42
11%
WłochyFiat 3000
10%
CzechosłowacjaKolohousenka
9%
SzwecjaStrv m/38
9%
SzwecjaStrv m/40L
9%
SzwecjaStrv m/42-57 Alt A.2
9%
CzechosłowacjaLT vz. 38
8%
CzechosłowacjaSkoda T27
8%
SzwecjaEMIL 1951
7%
SzwecjaIkv 72
7%
WłochyM15/42
7%
SzwecjaSav m/43
7%
SzwecjaStrv 81
7%
SzwecjaStrv fm/21
7%
CzechosłowacjaLT vz. 35
6%
CzechosłowacjaST vz. 39
6%
SzwecjaIkv 65 Alt II
5%
SzwecjaL-60
5%
SzwecjaLansen C
5%
WłochyM14/41
5%
SzwecjaPrimo Victoria
5%
SzwecjaPvlvv fm/42
5%
SzwecjaIkv 90 Typ B
4%
WłochyProgetto M35 mod. 46
4%
WłochyProgetto M40 mod. 65
4%
PolskaTKS z n.k.m. 20mm
4%
SzwecjaUDES 14 Alt 5
4%

Rozkład punktacji

Percentyl według liczby udzielonych odpowiedzi

Procent ludzi z każdym wynikiem

Twoja historia wyników

Nie rozwiązałeś tego quizu